000 00626nam a22001937a 4500
003 DO-SdBNP
005 20220127091745.0
007 ta
008 210806b 2017 dr 00| 0 eng d
020 _a9781944586454
040 _aDO-SdBNP
_bspa
_cBNPHU
100 1 _aNúñez, Miguel ,
_962070
_d1958-
245 1 0 _a¡Latinoamérica Despierta! :
_b95 tesis para la Iglesia de Hoy /
_cMiguel Núñez.
260 _aSanto Domingo :
_b‎ Poiema Publicaciones,
_c2017.
300 _a95 p. ;
_c22 cm.
500 _aIncluye datos biográficos del autor en la contracubierta.
590 _aInventariado, 2021 /LP
942 _2ddc
_cLBS1
999 _c50195
_d50195